Constitucionalismo Colombiano (Registro nro. 103938)

Detalles MARC
000 -CABECERA
campo de control de longitud fija 01517nam a2200589Ia 4500
001 - NÚMERO DE CONTROL
campo de control 103938
003 - IDENTIFICADOR DEL NÚMERO DE CONTROL
campo de control 188826
005 - FECHA Y HORA DE LA ÚLTIMA TRANSACCIÓN
campo de control 20250807175015.0
008 - DATOS DE LONGITUD FIJA--INFORMACIÓN GENERAL
campo de control de longitud fija ||||||n9999 ||| || ||
100 1# - ENTRADA PRINCIPAL--NOMBRE DE PERSONA
Nombre de persona Sáchica Aponte, Luis Carlos
9 (RLIN) 4669
245 #0 - MENCIÓN DE TÍTULO
Título Constitucionalismo Colombiano
250 ## - MENCIÓN DE EDICIÓN
Mención de edición Octava edición
562 ## - NOTA DE IDENTIFICACIÓN DE LA COPIA Y VERSIÓN
Número de copias 8
526 ## - NOTA DE INFORMACIÓN SOBRE EL PROGRAMA DE ESTUDIO
Nombre del programa 17598 - ESPECIALIZACIÓN EN FINANZAS PÚBLICAS - A distancia
526 ## - NOTA DE INFORMACIÓN SOBRE EL PROGRAMA DE ESTUDIO
Nombre del programa 102617 - ESPECIALIZACIÓN EN FINANZAS PÚBLICAS - Virtual
526 ## - NOTA DE INFORMACIÓN SOBRE EL PROGRAMA DE ESTUDIO
Nombre del programa 102618 - ESPECIALIZACIÓN EN PROYECTOS DE DESARROLLO - Virtual
526 ## - NOTA DE INFORMACIÓN SOBRE EL PROGRAMA DE ESTUDIO
Nombre del programa 15794 - ESPECIALIZACIÓN EN PROYECTOS DE DESARROLLO - A distancia
526 ## - NOTA DE INFORMACIÓN SOBRE EL PROGRAMA DE ESTUDIO
Nombre del programa 102620 - ESPECIALIZACIÓN EN GERENCIA SOCIAL - Virtual
526 ## - NOTA DE INFORMACIÓN SOBRE EL PROGRAMA DE ESTUDIO
Nombre del programa 10406 - ESPECIALIZACIÓN EN GESTIÓN Y PLANIFICACIÓN DEL DESARROLLO URBANO Y REGIONAL - A distancia
526 ## - NOTA DE INFORMACIÓN SOBRE EL PROGRAMA DE ESTUDIO
Nombre del programa 105630 - MAESTRÍA EN DERECHOS HUMANOS, GESTIÓN DE LA TRANSICIÓN Y POSCONFLICTO - A distancia
526 ## - NOTA DE INFORMACIÓN SOBRE EL PROGRAMA DE ESTUDIO
Nombre del programa 1698 - ESPECIALIZACIÓN EN DERECHOS HUMANOS - A distancia
526 ## - NOTA DE INFORMACIÓN SOBRE EL PROGRAMA DE ESTUDIO
Nombre del programa 116204 - ECONOMÍA PÚBLICA - Presencial
526 ## - NOTA DE INFORMACIÓN SOBRE EL PROGRAMA DE ESTUDIO
Nombre del programa 4969 - ESPECIALIZACIÓN EN ADMINISTRACIÓN PÚBLICA CONTEMPORÁNEA - Presencial
526 ## - NOTA DE INFORMACIÓN SOBRE EL PROGRAMA DE ESTUDIO
Nombre del programa 19790 - MAESTRÍA EN ADMINISTRACIÓN PÚBLICA - Presencial
526 ## - NOTA DE INFORMACIÓN SOBRE EL PROGRAMA DE ESTUDIO
Nombre del programa 104436 - MAESTRÍA EN ADMINISTRACIÓN PÚBLICA - A distancia
526 ## - NOTA DE INFORMACIÓN SOBRE EL PROGRAMA DE ESTUDIO
Nombre del programa 5144 - ESPECIALIZACIÓN EN ALTA DIRECCIÓN DEL ESTADO - Presencial
526 ## - NOTA DE INFORMACIÓN SOBRE EL PROGRAMA DE ESTUDIO
Nombre del programa 51868 - ADMINISTRACIÓN PÚBLICA - Presencial
526 ## - NOTA DE INFORMACIÓN SOBRE EL PROGRAMA DE ESTUDIO
Nombre del programa 3899 - ESPECIALIZACIÓN EN GERENCIA HOSPITALARIA - A distancia
526 ## - NOTA DE INFORMACIÓN SOBRE EL PROGRAMA DE ESTUDIO
Nombre del programa 9683 - ESPECIALIZACIÓN EN ALTA GERENCIA DEL SISTEMA DE SEGURIDAD SOCIAL EN SALUD - A distancia
526 ## - NOTA DE INFORMACIÓN SOBRE EL PROGRAMA DE ESTUDIO
Nombre del programa
526 ## - NOTA DE INFORMACIÓN SOBRE EL PROGRAMA DE ESTUDIO
Nombre del programa 1703 - ESPECIALIZACIÓN EN GERENCIA SOCIAL - A distancia
526 ## - NOTA DE INFORMACIÓN SOBRE EL PROGRAMA DE ESTUDIO
Nombre del programa 1697 - ADMINISTRACIÓN PÚBLICA TERRITORIAL - A distancia
650 #0 - PUNTO DE ACCESO ADICIONAL DE MATERIA--TÉRMINO DE MATERIA
Término de materia o nombre geográfico como elemento de entrada Derecho constitucional
9 (RLIN) 1802
650 ## - PUNTO DE ACCESO ADICIONAL DE MATERIA--TÉRMINO DE MATERIA
Término de materia o nombre geográfico como elemento de entrada ECONOMÍA Y POLÍTICA
9 (RLIN) 6086
650 #0 - PUNTO DE ACCESO ADICIONAL DE MATERIA--TÉRMINO DE MATERIA
Término de materia o nombre geográfico como elemento de entrada Estado
9 (RLIN) 2991
650 #0 - PUNTO DE ACCESO ADICIONAL DE MATERIA--TÉRMINO DE MATERIA
Término de materia o nombre geográfico como elemento de entrada Garantías constitucionales
9 (RLIN) 45840
650 ## - PUNTO DE ACCESO ADICIONAL DE MATERIA--TÉRMINO DE MATERIA
Término de materia o nombre geográfico como elemento de entrada INSTITUCION MILITAR
9 (RLIN) 29566
650 ## - PUNTO DE ACCESO ADICIONAL DE MATERIA--TÉRMINO DE MATERIA
Término de materia o nombre geográfico como elemento de entrada NORMA CONSTITUCIONAL
9 (RLIN) 127599
650 ## - PUNTO DE ACCESO ADICIONAL DE MATERIA--TÉRMINO DE MATERIA
Término de materia o nombre geográfico como elemento de entrada ORDEN PÚBLICO
9 (RLIN) 9905
650 #0 - PUNTO DE ACCESO ADICIONAL DE MATERIA--TÉRMINO DE MATERIA
Término de materia o nombre geográfico como elemento de entrada Partidos políticos
9 (RLIN) 3466
650 ## - PUNTO DE ACCESO ADICIONAL DE MATERIA--TÉRMINO DE MATERIA
Término de materia o nombre geográfico como elemento de entrada PODER CONSTITUYENTE
9 (RLIN) 127600
650 #0 - PUNTO DE ACCESO ADICIONAL DE MATERIA--TÉRMINO DE MATERIA
Término de materia o nombre geográfico como elemento de entrada Poder ejecutivo
9 (RLIN) 12478
650 #0 - PUNTO DE ACCESO ADICIONAL DE MATERIA--TÉRMINO DE MATERIA
Término de materia o nombre geográfico como elemento de entrada Poder judicial
9 (RLIN) 11154
650 #0 - PUNTO DE ACCESO ADICIONAL DE MATERIA--TÉRMINO DE MATERIA
Término de materia o nombre geográfico como elemento de entrada Poder legislativo
9 (RLIN) 81246
650 #0 - PUNTO DE ACCESO ADICIONAL DE MATERIA--TÉRMINO DE MATERIA
Término de materia o nombre geográfico como elemento de entrada Poder público
9 (RLIN) 4588
650 #0 - PUNTO DE ACCESO ADICIONAL DE MATERIA--TÉRMINO DE MATERIA
Término de materia o nombre geográfico como elemento de entrada Presidencialismo
9 (RLIN) 5333
650 ## - PUNTO DE ACCESO ADICIONAL DE MATERIA--TÉRMINO DE MATERIA
Término de materia o nombre geográfico como elemento de entrada RÉGIMEN DE LA PROPIEDAD
9 (RLIN) 127601
650 #0 - PUNTO DE ACCESO ADICIONAL DE MATERIA--TÉRMINO DE MATERIA
Término de materia o nombre geográfico como elemento de entrada Representación política
9 (RLIN) 43684
650 #0 - PUNTO DE ACCESO ADICIONAL DE MATERIA--TÉRMINO DE MATERIA
Término de materia o nombre geográfico como elemento de entrada Sistemas electorales
9 (RLIN) 4730
650 #0 - PUNTO DE ACCESO ADICIONAL DE MATERIA--TÉRMINO DE MATERIA
Término de materia o nombre geográfico como elemento de entrada Derecho constitucional
9 (RLIN) 1802
942 ## - ELEMENTOS DE PUNTO DE ACCESO ADICIONAL (KOHA)
Tipo de ítem Koha Libro
Existencias
Estado de retiro Estado de pérdida Estado dañado No para préstamo Código de colección Localización permanente Ubicación/localización actual Coste, precio normal de compra Total de préstamos Signatura topográfica completa Código de barras Fecha visto por última vez Número de copia Tipo de ítem Koha Fecha de adquisición Fecha del último préstamo
        General Bogotá - Sede Central Bogotá - Sede Central 0.00   342.861 S12c 104201 22/02/2026 1 Libro    
        General Bucaramanga - Sede Santander Bucaramanga - Sede Santander 0.00 1 342.861 S12c SAN5311 26/08/2025 10 Libro 26/08/2025 26/08/2025
        General Cali - Sede Valle del Cauca Cali - Sede Valle del Cauca 0.00   342.861 S12c 8ed VAL1616   2 Libro    
        General Cali - Sede Valle del Cauca Cali - Sede Valle del Cauca 0.00   342.861 S12c 8ed e2 VAL1617   3 Libro    
        General Tunja - Sede Boyacá-Casanare Tunja - Sede Boyacá-Casanare 0.00   342.861 S12c BOY2366   4 Libro    
        General Tunja - Sede Boyacá-Casanare Tunja - Sede Boyacá-Casanare 0.00   342.861 S12c e2 BOY2422   5 Libro    
        General Villavicencio - Sede Meta-Guaviare-Guainia-Vichada-Amazonas Villavicencio - Sede Meta-Guaviare-Guainia-Vichada-Amazonas 0.00   342.861 S12c MET03084   8 Libro    
        General Villavicencio - Sede Meta-Guaviare-Guainia-Vichada-Amazonas Villavicencio - Sede Meta-Guaviare-Guainia-Vichada-Amazonas 0.00   342.861 S12c e2 MET03085   9 Libro